Windsor Life Assurance Co Ltd v Lloyds TSB Bank plc (Record no. 82027)

MARC details
000 -LEADER
fixed length control field 01948cad a22002295a 4500
001 - CONTROL NUMBER
control field L148998
008 - FIXED-LENGTH DATA ELEMENTS--GENERAL INFORMATION
fixed length control field 091214e20091015xxk f v 000 0 eng d
035 ## - SYSTEM CONTROL NUMBER
System control number (Sirsi) u148998
041 0# - LANGUAGE CODE
Language code of text/sound track or separate title eng
245 00 - TITLE STATEMENT
Title Windsor Life Assurance Co Ltd v Lloyds TSB Bank plc
260 ## - PUBLICATION, DISTRIBUTION, ETC.
Date of publication, distribution, etc. 2009
490 ## - SERIES STATEMENT
Series statement Estates Gazette
Volume/sequential designation (947) 28 November 2009, 134-138(5)
490 ## - SERIES STATEMENT
Series statement Estates Gazette Law Reports
Volume/sequential designation [2009] 47 EG 134
520 ## - SUMMARY, ETC.
Summary, etc. [2009], 15 October 2009. The case considers whether a landlord's application for grant of a new tenancy is dismissed at the date of notification by a tenant and the implications for both landlord and tenant. Windsor life Assurance Co Ltd (W) was the landlord and Lloyds TSB Bank (L) was the tenant of business premises with a term expiring in March 2008. W served notice, under section 29(5) of the Landlord and Tenant Act 1954 Part II, that it would not oppose the grant of a new tenancy. L made an application for the determination of an interim rent pursuant to section 24A of the 1954 Act. 18 months later, L served a notice of discontinuance, expressing their desire not to take a new tenancy on these premises and gave three months notice. The defendant sought declaration to the court that the claim for a new tenancy was dismissed in April 2009. The order dismissing the claim was made in agreement in June 2009. "Held": declaration made in favour of the defendant. The judge concluded that it is not necessary to make a court application for a dismissal. The dismissal is automatic from the moment the court receives the tenant's notice.
590 ## - LOCAL NOTE (RLIN)
Local note KA
650 24 - SUBJECT ADDED ENTRY--TOPICAL TERM
Topical term or geographic name entry element WINDSOR LIFE ASSURANCE CO LTD V LLOYDS TSB BANK PLC
650 24 - SUBJECT ADDED ENTRY--TOPICAL TERM
Topical term or geographic name entry element REGULATORY REFORM (BUSINESS TENANCIES) (ENGLAND AND WALES) ORDER 2003
650 24 - SUBJECT ADDED ENTRY--TOPICAL TERM
Topical term or geographic name entry element LANDLORD AND TENANT ACT 1954 PART II S29(5)
651 #4 - SUBJECT ADDED ENTRY--GEOGRAPHIC NAME
Geographic name England and Wales
Chronological subdivision 1543-
690 ## - LOCAL SUBJECT ADDED ENTRY--TOPICAL TERM (OCLC, RLIN)
Topical term or geographic name as entry element PROPERTY-COMMERCIAL PROPERTY-COMMERCIAL LANDLORD AND TENANT-COMMERCIAL LEASES
942 ## - ADDED ENTRY ELEMENTS (KOHA)
Suppress in OPAC 0
Holdings
Withdrawn status Lost status Source of classification or shelving scheme Damaged status Not for loan Home library Current library Shelving location Date acquired Total Checkouts Full call number Barcode Date last seen Copy number Price effective from Koha item type
    Dewey Decimal Classification     London London Journal article 14/12/2009   L148998 148998-1001 06/08/2019 1 06/08/2019 Journal article